Vasantotsava (Record no. 10269)

MARC details
000 -LEADER
fixed length control field 00703nam a2200253 a 4500
020 ## - INTERNATIONAL STANDARD BOOK NUMBER
ISBN 8124612
082 00 - DEWEY DECIMAL CLASSIFICATION NUMBER
Classification number 294.5436
Author Cutter AND
100 ## - MAIN ENTRY--AUTHOR NAME
Author name Anderson, Leona M
245 ## - TITLE STATEMENT
Title Vasantotsava
Sub title the Spring Festivals of India, Texts and Traditions
260 ## - PUBLICATION, DISTRIBUTION, ETC. (IMPRINT)
Place of publication New Delhi
Name of publisher Dk Printworld
Year of publication 1993
300 ## - PHYSICAL DESCRIPTION
Number of Pages 254p
500 ## - GENERAL NOTE
General note includes index and biblioraphy
505 2# - FORMATTED CONTENTS NOTE
Formatted contents note Glossary, Dates of Texts, Bibliography, Index
650 ## - SUBJECT ADDED ENTRY--TOPICAL TERM
Topical Term Festivals-Hindu
650 ## - SUBJECT ADDED ENTRY--TOPICAL TERM
Topical Term Vasantotsava
942 ## - ADDED ENTRY ELEMENTS (KOHA)
Koha item type Books
700 1# -
-- Anderson, Leona M
Holdings
Collection code Home library Current library Date acquired Cost, normal purchase price Full call number Accession Number Koha item type
  Henry Martyn Institute Library Henry Martyn Institute Library 07/24/2007 260.00 294.5436 AND 017352 Books
                   Copyright © 2026 | Henry Martyn Institute | Hyderabad | TS-500052 | INDIA | Implemented by hmi.edu.in
Hit-Count:

Powered by Koha